00690nam a22002177a 450000500170000001000150001702000260003202000230005803500130008103500170009403700150011103700170012608200120014310000250015524500900018026000450027027000620031530000270037750000500040470000180045420140116110937.0 aENG-105696 a9780198085584c495.00 a0198085583c495.00 aEN-89229 aB-512603-605 bDBAD / PUB bBSB/Venadpl14a338.954 aTendulkar, Suresh D.1 aUnderstanding reforms :cby Suresh D. Tendulkar [and] T.A. Bhavanibpost-1991 India / aNew DelhibOxford University Pressc2012 aYMCA Library Building, Jai Singh RoadbNew Delhie110 001 axvi, 256p.c24cm (pbk) aIncludes bibliographical references and index aBhavani, T.A.